[Event "POL-Cup blind"]
[Site "Dzwirzyno"]
[Date "2019.09.04"]
[Round "4"]
[White "Zemla, Krzysztof"]
[Black "Rekawek, Symon"]
[Result "0-1"]
[WhiteElo "1488"]
[BlackElo "1508"]
[PlyCount "70"]
[EventDate "2019.09.02"]
[EventType "swiss"]
[EventRounds "9"]
[EventCountry "POL"]
[SourceTitle "EXT 2020"]
[Source "ChessBase"]
[SourceDate "2019.10.17"]
[SourceVersion "1"]
[SourceVersionDate "2019.10.17"]
[SourceQuality "1"]

1. e4 d5 2. exd5 Qxd5 3. Nc3 Qa5 4. d4 c6 5. Nf3 Nf6 6. Bd2 Qc7 7. h3 e6 8. Bc4 Bd6 9. 0-0 0-0 10. Bg5 Nd5 11. Ne4 Be7 12. Qd3 h6 13. Bxe7 Qxe7 14. Ng3 Nd7 15. Rfe1 Qd6 16. Bb3 N7f6 17. c3 Nf4 18. Qe3 N4d5 19. Qd3 b6 20. Ne4 Nxe4 21. Qxe4 Nf6 22. Qd3 Rd8 23. Bc2 Bb7 24. Ne5 Qd5 25. f3 c5 26. Ng4 Qg5 27. Nxf6+ Qxf6 28. Re5 Rd6 29. Rf1 cxd4 30. cxd4 Rad8 31. d5 Qxe5 32. Qh7+ Kf8 33. dxe6 Rxe6 34. Bf5 Red6 35. f4 Qxb2 0-1

[Event "POL-Cup blind"]
[Site "Dzwirzyno"]
[Date "2019.09.03"]
[Round "3"]
[White "Huzarski, Stanislaw"]
[Black "Zemla, Krzysztof"]
[Result "1/2-1/2"]
[WhiteElo "1723"]
[BlackElo "1488"]
[PlyCount "39"]
[EventDate "2019.09.02"]
[EventType "swiss"]
[EventRounds "9"]
[EventCountry "POL"]
[SourceTitle "EXT 2020"]
[Source "ChessBase"]
[SourceDate "2019.10.17"]
[SourceVersion "1"]
[SourceVersionDate "2019.10.17"]
[SourceQuality "1"]

1. e4 e5 2. Nf3 Nc6 3. Bb5 a6 4. Ba4 b5 5. Bb3 Na5 6. 0-0 Nxb3 7. axb3 d6 8. Nc3 Nf6 9. Re1 Be7 10. Nxb5 Bb7 11. Nc3 0-0 12. d4 exd4 13. Nxd4 Nd7 14. f4 Bf6 15. Be3 Re8 16. Bf2 Nc5 17. Qe2 Nxe4 18. Nxe4 Rxe4 19. Qd2 c5 20. Nf5 1/2-1/2